000 00408cam a22001337a 4500
008 180718b1980 xxu||||| |||| 00| 0 eng d
082 _aB135x54 C36
245 _aRural settlements in South Asia
_cedited by Charanjit Chanana
260 _aNew Delhi
_bMERB
_c1980
300 _a265p.
650 _aCommunity life, Rural - Asia, South
650 _aSociology, Rural - Asia, South
700 _aChanana, Charanjit
999 _c342156
_d342156